00470nam a2200133Ia 4500008004100000100001900041245011700060245006900177260002500246260000900271300002500280650001600305650001500321170224s9999 xx 000 0 und d aGary Spraakman aEmployers’ Perceptions of Information Technology Competency Requirements for Management Accounting Graduates  cGary Spraakman, Winifred O'Grady, Davood Askarany & Chris Akroyd bAccounting Education c2015 a24:5, Pages: 403-422 xAccountancy xAccounting